El diario de Adelina /
Guardado en:
| Autor Principal: | |
|---|---|
| Otros Autores: | |
| Formato: | Libro |
| Idioma: | Undetermined |
| Publicado: |
Buenos Aires :
Edimba,
1997.
|
| Edición: | 4a ed. |
| Materias: | |
| Etiquetas: |
Agregar Etiqueta
Sin Etiquetas, Sea el primero en etiquetar este registro!
|
| LEADER | 00594nam a22001935a 4500 | ||
|---|---|---|---|
| 001 | CEM.cems021116 | ||
| 008 | 240426s1997####ag############000#0#und#d | ||
| 005 | 20240426175250.0 | ||
| 245 | 1 | 0 | |a El diario de Adelina / |c Olga Monkman ; ilustrado por Alicia Charré. |
| 250 | |a 4a ed. | ||
| 260 | |a Buenos Aires : |b Edimba, |c 1997. | ||
| 300 | |a 128 p. | ||
| 020 | |a 9879510550 | ||
| 100 | 1 | |a Monkman, Olga. | |
| 700 | 1 | |a Charré, Alicia; il. | |
| 653 | |a Literatura argentina | ||
| 653 | |a Novela juvenil | ||
| 653 | |a Literatura juvenil | ||
| 859 | |a CEMS |b BIB. CEMS - Inicial y Primaria |h A863.4 |i M749 |k IP |p 6406 |t Ej.1 | ||
